000 004380000a22001690004500
003 MACL
005 20160109170220.0
008 160109b xxu||||| |||| 00| 0 eng d
040 _aMACL
_cMACL
041 _aEnglish
082 _a800/MUL
100 _aMuller, Max F
_924556
245 _aChips from a German Workshop
_bvol 3
260 _bLongman's Green And Co
_c1898
_aLondon
650 _aLiterature
_930620
942 _cBK
_k800/MUL
_2ddc
999 _c36883
_d36883